00445nam a2200181 a 4500001001300000003000900013005001700022008004100039020001000080082001700090100002100107245002000128260003300148300000900181500003500190650001700225700002100242nice12345678IN_TiNIC20260116011537.0070824s0000 laha grp 000 0 urd  ac10000a297.124bBAK aBakr Abi, Md Bin aAzfooribHadith aLahore bNo Publisher c0000 a160p aincludes index and biblioraphy aIslam-Hadith1 aBakr Abi, Md Bin